Biggest Zoos in Germany - Statistics

General Stats
  • This quiz has been taken 62 times
  • The average score is 10 of 15
Answer Stats
Number of species Zoo % Correct
711 Berlin (Tierpark Friedrichsfelde)
98%
1113 Berlin (Zoologischer Garten)
98%
782 Köln (Zoologischer Garten)
96%
450 München (Tierpark Hellabrunn)
96%
808 Stuttgart (Wilhelma)
94%
441 Hamburg (Tierpark Hagenbeck)
92%
519 Leipzig (Zoo)
91%
409 Frankfurt (Zoo)
87%
298 Düsseldorf (Aquazoo)
58%
316 Rostock (Zoo)
47%
331 Duisburg (Zoo)
43%
291 Karlsruhe (Zoo)
43%
282 Osnabrück (Zoo)
17%
300 Bochum (Tierpark)
13%
514 Walsrode (Weltvogelpark)
9%
No matching quizzes found
Score Distribution
Percent of People with Each Score
Percentile by Number Answered
Your Score History
You have not taken this quiz